00961cam a22001818i 4500020001800000020001800018040000800036082002600044245007100070300001400141490008900155520043700244650001300681650002000694650002000714700002400734700002100758 a9781501753732 a9781501753961 cDLC00a333 CEN 2018 C347 Or.00aLand fictions :bthe commodification of land in city and country / apages cm.0 aCornell series on land : new perspectives on territory, development, and environment a"Bringing together original research on urban, rural and peri-urban India, rapidly urbanizing China and Southeast Asia, resource expropriation in Africa and Latin America, and the neoliberal urban landscapes of North America and Europe, this book interrogates global patterns of property formation, the dispossessions property markets enact, and the popular movements to halt the growing waves of evictions and land grabs they face" 0aLand use 0aLand use, Urban 0aLand use, Rural1 aGhertner, D. Asher,1 aLake, Robert W.,